[Event "Parsvnath Commonwealth ch 2010"]
[Site "Nueva Delhi IND"]
[Date "2010.05.17"]
[Round "10.38"]
[White "Pratyusha, Bodda"]
[Black "Meenakshi Subbaraman"]
[Result "1/2-1/2"]
[WhiteElo "1977"]
[BlackElo "2348"]
[PlyCount "105"]
[EventDate "2010.05.10"]
[EventType "swiss"]
[EventRounds "11"]
[EventCountry "IND"]
[Source "lmi"]
[SourceDate "2010.05.10"]

1. e4 e5 2. Bc4 Nf6 3. d3 Bc5 4. Nc3 c6 5. Nf3 d6 6. h3 Nbd7 7. O-O b5 8. Bb3
Bb6 9. a3 O-O 10. Ne2 Nc5 11. Ba2 Be6 12. Ng3 Re8 13. Kh2 Bxa2 14. Rxa2 d5 15.
b4 Na4 16. Bd2 c5 17. c4 dxc4 18. dxc4 Qd3 19. cxb5 Qxb5 20. Qa1 Rad8 21. Bg5
Rd6 22. Nf5 Rde6 23. Bxf6 Rxf6 24. Qc1 h6 25. Rd2 Qc6 26. Re1 Bc7 27. Kg1 c4
28. Ne3 c3 29. Rd5 Rf4 30. Qc2 Nb6 31. Rc5 Qg6 32. Rxc7 Rxf3 33. Kh1 Rf4 34.
Nf5 Kh7 35. Rxc3 Nd5 36. Rg3 Qf6 37. Rxg7+ Kh8 38. Rg3 Ne7 39. Nxe7 Qxe7 40.
Rc3 Qh4 41. Kg1 Kh7 42. Ree3 Rg8 43. Rg3 Rd8 44. Rcd3 Qe7 45. Qd2 Rc8 46. Rd7
Qf6 47. Rgd3 Rg8 48. Rxf7+ Qxf7 49. Rd7 Rxf2 50. Rxf7+ Rxf7 51. Qd5 Rfg7 52.
Qxe5 Rxg2+ 53. Kf1 1/2-1/2

[Event "Parsvnath Commonwealth ch 2010"]
[Site "Nueva Delhi IND"]
[Date "2010.05.18"]
[Round "11.1"]
[White "Maletin, Pavel"]
[Black "Lalith, Babu M.R"]
[Result "1/2-1/2"]
[WhiteElo "2584"]
[BlackElo "2493"]
[PlyCount "61"]
[EventDate "2010.05.10"]
[EventType "swiss"]
[EventRounds "11"]
[EventCountry "IND"]
[Source "lmi"]
[SourceDate "2010.05.10"]

1. d4 Nf6 2. c4 e6 3. g3 d5 4. Nf3 Bb4+ 5. Bd2 Be7 6. Bg2 O-O 7. O-O c6 8. Qc2
b6 9. Bf4 Ba6 10. Nbd2 Nbd7 11. e4 Nxe4 12. Nxe4 dxe4 13. Ne5 Nxe5 14. dxe5 Qd3
15. Rac1 Qxc2 16. Rxc2 Rad8 17. Be3 Rd7 18. Bxe4 c5 19. Bc6 Rc7 20. Bf3 Rd8 21.
Rd1 Rcd7 22. Rxd7 Rxd7 23. b3 Bb7 24. Kg2 Bxf3+ 25. Kxf3 h5 26. Rd2 Rxd2 27.
Bxd2 Kf8 28. h4 Ke8 29. Ke4 Kd7 30. Be3 Kc6 31. a4 1/2-1/2

[Event "Parsvnath Commonwealth ch 2010"]
[Site "Nueva Delhi IND"]
[Date "2010.05.18"]
[Round "11.2"]
[White "Gupta, Abhijeet"]
[Black "Bocharov, Dmitry"]
[Result "1/2-1/2"]
[WhiteElo "2570"]
[BlackElo "2592"]
[PlyCount "58"]
[EventDate "2010.05.10"]
[EventType "swiss"]
[EventRounds "11"]
[EventCountry "IND"]
[Source "lmi"]
[SourceDate "2010.05.10"]

1. d4 Nf6 2. c4 e6 3. Nf3 b6 4. g3 Bb7 5. Bg2 Bb4+ 6. Bd2 a5 7. O-O O-O 8. Bf4
Be7 9. Nc3 Ne4 10. Rc1 d6 11. Qd3 Nxc3 12. Rxc3 f5 13. Qe3 Qd7 14. c5 Bd5 15.
cxd6 cxd6 16. Rfc1 Na6 17. Bg5 Rae8 18. a3 Qd8 19. Qd3 Bxg5 20. Nxg5 Bxg2 21.
Kxg2 Qxg5 22. Qxa6 f4 23. Qb7 Qf6 24. Rd1 fxg3 25. Rf3 Qe7 26. Rxf8+ Kxf8 27.
Qf3+ Qf6 28. Qxg3 d5 29. Rd3 Kg8 1/2-1/2

[Event "Parsvnath Commonwealth ch 2010"]
[Site "Nueva Delhi IND"]
[Date "2010.05.18"]
[Round "11.6"]
[White "Narayanan, Srinath"]
[Black "Kokarev, Dmitry"]
[Result "1/2-1/2"]
[WhiteElo "2393"]
[BlackElo "2612"]
[PlyCount "42"]
[EventDate "2010.05.10"]
[EventType "swiss"]
[EventRounds "11"]
[EventCountry "IND"]
[Source "lmi"]
[SourceDate "2010.05.10"]

1. e4 c5 2. Nf3 d6 3. d4 cxd4 4. Nxd4 Nf6 5. Nc3 a6 6. Bg5 e6 7. f4 Be7 8. Qf3
Nbd7 9. O-O-O Qc7 10. Bd3 h6 11. Qh3 Nb6 12. Rhe1 e5 13. Nf5 Bxf5 14. exf5
O-O-O 15. Bh4 exf4 16. Bf2 Rhe8 17. Qf3 d5 18. Bd4 Qc6 19. Qxf4 Bd6 20. Qf3
Nbd7 21. g3 Be5 1/2-1/2

[Event "Parsvnath Commonwealth ch 2010"]
[Site "Nueva Delhi IND"]
[Date "2010.05.18"]
[Round "11.8"]
[White "Ramnath Bhuvanesh.R"]
[Black "Ashwin, Jayaram"]
[Result "0-1"]
[WhiteElo "2350"]
[BlackElo "2457"]
[PlyCount "92"]
[EventDate "2010.05.10"]
[EventType "swiss"]
[EventRounds "11"]
[EventCountry "IND"]
[Source "lmi"]
[SourceDate "2010.05.10"]

1. e4 c5 2. Nf3 d6 3. d4 cxd4 4. Nxd4 Nf6 5. Nc3 Nc6 6. Bg5 e6 7. Qd2 a6 8.
O-O-O Bd7 9. f3 Be7 10. Be3 h5 11. Kb1 Qc7 12. Bd3 Ne5 13. h3 h4 14. f4 Nxd3
15. cxd3 b5 16. Rc1 Qb7 17. Nf3 b4 18. Ne2 a5 19. Ned4 Nh5 20. Rhe1 Ng3 21. Bf2
a4 22. Rc4 b3 23. a3 O-O 24. Rec1 Rac8 25. Rxc8 Rxc8 26. Rxc8+ Qxc8 27. Bxg3
hxg3 28. Ne2 Qa6 29. Nc3 Bf6 30. Kc1 Qc8 31. e5 dxe5 32. fxe5 Bd8 33. Nd4 Qc5
34. Qf4 Ba5 35. Nde2 Bxc3 36. Nxc3 Qg1+ 37. Kd2 Qxg2+ 38. Ne2 Qc6 39. Qc4 g2
40. Qd4 Kf8 41. Qh4 Qc2+ 42. Ke1 Qxe2+ 43. Kxe2 g1=Q 44. Qh8+ Ke7 45. Qh4+ f6
46. exf6+ gxf6 0-1

[Event "Parsvnath Commonwealth ch 2010"]
[Site "Nueva Delhi IND"]
[Date "2010.05.18"]
[Round "11.9"]
[White "Nitin, S."]
[Black "Anwesh, Upadhyaya"]
[Result "1-0"]
[WhiteElo "2363"]
[BlackElo "2419"]
[PlyCount "95"]
[EventDate "2010.05.10"]
[EventType "swiss"]
[EventRounds "11"]
[EventCountry "IND"]
[Source "lmi"]
[SourceDate "2010.05.10"]

1. Nf3 Nc6 2. d4 d5 3. c4 Bg4 4. cxd5 Bxf3 5. gxf3 Qxd5 6. e3 e5 7. Nc3 Bb4 8.
Bd2 Bxc3 9. bxc3 Nf6 10. c4 Qd7 11. d5 Ne7 12. Bc3 Ng6 13. h4 h5 14. Bh3 Qd8
15. Qa4+ c6 16. Ba5 Qb8 17. dxc6 bxc6 18. Qxc6+ Kf8 19. Rd1 Qe8 20. Qxe8+ Kxe8
21. c5 Nxh4 22. c6 Nxf3+ 23. Ke2 Ng5 24. Bd7+ Kf8 25. Bb4+ Kg8 26. Be7 Nxd7 27.
cxd7 Ne6 28. d8=Q+ Nxd8 29. Bxd8 Rh6 30. a4 Rc8 31. Rd7 e4 32. Rhd1 Rc2+ 33.
R1d2 Rc1 34. Rd1 Rc2+ 35. R7d2 Rc5 36. Rd4 f5 37. Rd6 Rc2+ 38. Kf1 Rc6 39. Rxc6
Rxc6 40. Rd5 g6 41. Rd7 Ra6 42. a5 Kf8 43. Bc7 h4 44. Kg2 g5 45. Rd6 Rxd6 46.
Bxd6+ Ke8 47. a6 Kd7 48. Bc5 1-0

[Event "Parsvnath Commonwealth ch 2010"]
[Site "Nueva Delhi IND"]
[Date "2010.05.18"]
[Round "11.11"]
[White "Girish, A. Koushik"]
[Black "Swayams, Mishra"]
[Result "1-0"]
[WhiteElo "2276"]
[BlackElo "2397"]
[PlyCount "58"]
[EventDate "2010.05.10"]
[EventType "swiss"]
[EventRounds "11"]
[EventCountry "IND"]
[Source "lmi"]
[SourceDate "2010.05.10"]

1. d4 e6 2. c4 Nf6 3. Nf3 b6 4. e3 Bb7 5. Bd3 d5 6. b3 Bb4+ 7. Bd2 Be7 8. O-O
O-O 9. Bc3 Nbd7 10. Nbd2 c5 11. Qe2 Ne4 12. Bb2 f5 13. Rac1 Bf6 14. Ne5 cxd4
15. exd4 Nxd2 16. Qxd2 dxc4 17. Bxc4 Bd5 18. Ba6 Bh4 19. Rc2 Bc4 20. h3 Bg3 21.
Qe2 h6 22. Qe3 Kh7 23. Qxg3 f4 24. Re2 Qe8 25. Qg6+ Kg8 26. Kh2 Bd5 27. Qg4 Qd8
28. Qg5 Qxg5 29. g4 f3 1-0

[Event "Parsvnath Commonwealth ch 2010"]
[Site "Nueva Delhi IND"]
[Date "2010.05.18"]
[Round "11.12"]
[White "Matta, Vinay Kumar"]
[Black "Adhiban, B."]
[Result "1/2-1/2"]
[WhiteElo "2256"]
[BlackElo "2510"]
[PlyCount "68"]
[EventDate "2010.05.10"]
[EventType "swiss"]
[EventRounds "11"]
[EventCountry "IND"]
[Source "lmi"]
[SourceDate "2010.05.10"]

1. e4 e5 2. Nf3 Nc6 3. Bb5 a6 4. Ba4 Nf6 5. O-O Bc5 6. Bxc6 dxc6 7. Nxe5 Nxe4
8. Qe2 Qd5 9. Nd3 O-O 10. Nxc5 Nxc5 11. Nc3 Qd6 12. d3 Ne6 13. Be3 f5 14. f3 c5
15. Rfe1 b6 16. Bf2 Bd7 17. Qe5 Rae8 18. Qxd6 cxd6 19. d4 cxd4 20. Ne2 d3 21.
cxd3 b5 22. b4 Rc8 23. Rac1 g5 24. Rxc8 Rxc8 25. Rc1 Rxc1+ 26. Nxc1 Kf7 27. Ne2
Kf6 28. h4 h6 29. hxg5+ hxg5 30. Be3 f4 31. Bd2 Be8 32. Bc3+ Kf7 33. Kf2 Nc7
34. g3 Ne6 1/2-1/2

[Event "Parsvnath Commonwealth ch 2010"]
[Site "Nueva Delhi IND"]
[Date "2010.05.18"]
[Round "11.13"]
[White "Bitan, Banerjee"]
[Black "Dzhumaev, Marat"]
[Result "0-1"]
[WhiteElo "2311"]
[BlackElo "2495"]
[PlyCount "36"]
[EventDate "2010.05.10"]
[EventType "swiss"]
[EventRounds "11"]
[EventCountry "IND"]
[Source "lmi"]
[SourceDate "2010.05.10"]

1. d4 d6 2. Nf3 g6 3. g3 f5 4. Bg2 Bg7 5. O-O Nf6 6. b3 O-O 7. Bb2 Qe8 8. Nbd2
Nc6 9. e4 f4 10. Qe2 Bg4 11. h3 Be6 12. Ng5 fxg3 13. fxg3 Nh5 14. Nxe6 Rd8 15.
Nf4 Nxd4 16. Ne6 Nxg3 17. Kh2 h5 18. Rf3 Rf7 0-1

[Event "Parsvnath Commonwealth ch 2010"]
[Site "Nueva Delhi IND"]
[Date "2010.05.18"]
[Round "11.14"]
[White "Agaragimov, Djakhangir"]
[Black "Harika, Dronavalli"]
[Result "0-1"]
[WhiteElo "2304"]
[BlackElo "2491"]
[PlyCount "52"]
[EventDate "2010.05.10"]
[EventType "swiss"]
[EventRounds "11"]
[EventCountry "IND"]
[Source "lmi"]
[SourceDate "2010.05.10"]

1. d4 Nf6 2. c4 g6 3. Nc3 d5 4. e3 Bg7 5. cxd5 Nxd5 6. Nxd5 Qxd5 7. Ne2 O-O 8.
Nc3 Qd8 9. Be2 Nd7 10. O-O c5 11. d5 Nb6 12. e4 f5 13. Be3 Qd6 14. Nb5 Qe5 15.
Bxc5 fxe4 16. Rc1 Bd7 17. Bd4 Qxd5 18. Bxb6 Qxd1 19. Rfxd1 Bxb5 20. Bxb5 axb6
21. Rc7 e6 22. a4 Rad8 23. Rdd7 Bxb2 24. Bc4 Rxd7 25. Rxd7 Ba3 26. Bxe6+ Kh8
0-1

[Event "Parsvnath Commonwealth ch 2010"]
[Site "Nueva Delhi IND"]
[Date "2010.05.18"]
[Round "11.15"]
[White "Prasenjit, Datta"]
[Black "Swapnil, S. Dhopade"]
[Result "0-1"]
[WhiteElo "2283"]
[BlackElo "2457"]
[PlyCount "78"]
[EventDate "2010.05.10"]
[EventType "swiss"]
[EventRounds "11"]
[EventCountry "IND"]
[Source "lmi"]
[SourceDate "2010.05.10"]

1. e4 c6 2. d4 d5 3. e5 Bf5 4. Be3 e6 5. Nd2 Nd7 6. Ngf3 Bg6 7. Be2 Nh6 8. h3
Nf5 9. Bf4 Be7 10. O-O O-O 11. Re1 c5 12. c4 Nb6 13. Rc1 Nxd4 14. Nxd4 cxd4 15.
c5 d3 16. Bf3 Nd7 17. b4 a5 18. a3 axb4 19. axb4 Bg5 20. Be3 Nxe5 21. Qb3 Bxe3
22. fxe3 Qf6 23. b5 Rfc8 24. Rc3 h6 25. Kh2 Ra2 26. Qxa2 Nxf3+ 27. gxf3 Qxc3
28. c6 bxc6 29. b6 Rb8 30. Rb1 Qe5+ 31. Kh1 Qg3 32. Qa7 Qxh3+ 33. Kg1 Qg3+ 34.
Kh1 Bh5 35. Qc7 Bxf3+ 36. Nxf3 Qxf3+ 37. Kh2 Qe2+ 38. Kh1 Rf8 39. b7 d2 0-1

[Event "Parsvnath Commonwealth ch 2010"]
[Site "Nueva Delhi IND"]
[Date "2010.05.18"]
[Round "11.16"]
[White "Gomes, Mary Ann"]
[Black "Venkatesh, M.R."]
[Result "0-1"]
[WhiteElo "2280"]
[BlackElo "2452"]
[PlyCount "94"]
[EventDate "2010.05.10"]
[EventType "swiss"]
[EventRounds "11"]
[EventCountry "IND"]
[Source "lmi"]
[SourceDate "2010.05.10"]

1. Nf3 Nf6 2. g3 e6 3. Bg2 d5 4. O-O c5 5. d3 Nc6 6. Nbd2 Bd6 7. e4 O-O 8. Re1
Bc7 9. Qe2 Rb8 10. Nf1 e5 11. exd5 Nxd5 12. Ne3 Nb6 13. c3 Be6 14. Nd2 f5 15.
Nb3 Bd6 16. Nc4 Nxc4 17. dxc4 e4 18. Bf4 Bxf4 19. gxf4 Ne7 20. Nxc5 Bc8 21. Qe3
Ng6 22. Rad1 Qc7 23. Qd4 b6 24. Nd7 Bxd7 25. Qxd7 Qxf4 26. Qd6 Ne5 27. Qd2 Qxd2
28. Rxd2 Nxc4 29. Rd7 Rf7 30. Rxf7 Kxf7 31. f3 Rd8 32. fxe4 f4 33. Kf2 Ne3 34.
Bf3 Rd2+ 35. Re2 Rd1 36. h4 Rd8 37. b3 Kf6 38. c4 g6 39. Kg1 Rd1+ 40. Kh2 Rd3
41. Rf2 h6 42. Kg1 g5 43. b4 Ke5 44. hxg5 hxg5 45. c5 bxc5 46. bxc5 g4 47. Be2
Rc3 0-1

[Event "Parsvnath Commonwealth ch 2010"]
[Site "Nueva Delhi IND"]
[Date "2010.05.18"]
[Round "11.17"]
[White "Rajesh, V A V."]
[Black "Paciencia, Enrique"]
[Result "1-0"]
[WhiteElo "2302"]
[BlackElo "2429"]
[PlyCount "34"]
[EventDate "2010.05.10"]
[EventType "swiss"]
[EventRounds "11"]
[EventCountry "IND"]
[Source "lmi"]
[SourceDate "2010.05.10"]

1. d4 Nf6 2. c4 e6 3. Nc3 Bb4 4. e3 c5 5. Bd3 Nc6 6. Nf3 d6 7. O-O Bxc3 8. bxc3
b6 9. d5 Na5 10. Nd2 h6 11. Nb3 Nb7 12. f4 Qe7 13. Re1 Rb8 14. h3 Bd7 15. Bf5
Nh7 16. a4 O-O 17. a5 Qh4 1-0

[Event "Parsvnath Commonwealth ch 2010"]
[Site "Nueva Delhi IND"]
[Date "2010.05.18"]
[Round "11.18"]
[White "Phiri, Richmond"]
[Black "Shyam, Nikil P"]
[Result "0-1"]
[WhiteElo "2165"]
[BlackElo "2385"]
[PlyCount "93"]
[EventDate "2010.05.10"]
[EventType "swiss"]
[EventRounds "11"]
[EventCountry "IND"]
[Source "lmi"]
[SourceDate "2010.05.10"]

1. d4 Nf6 2. c4 c5 3. d5 b5 4. cxb5 a6 5. bxa6 Bxa6 6. Nc3 d6 7. e4 Bxf1 8.
Kxf1 g6 9. g3 Bg7 10. Kg2 O-O 11. Nf3 Nbd7 12. h3 Nb6 13. Re1 Qd7 14. Rb1 Rfc8
15. Nd2 Qb7 16. Qc2 c4 17. Nf3 Nfd7 18. Be3 Nc5 19. Bd4 Nd3 20. Red1 Nb4 21.
Qd2 Nxa2 22. Bxg7 Kxg7 23. b3 Nxc3 24. Qxc3+ Kg8 25. bxc4 Qc7 26. Qe3 Nd7 27.
Rdc1 Ra4 28. Nd2 Rca8 29. Rc2 Ra3 30. Rb3 Ra1 31. Rcb2 Nc5 32. Rb5 R1a3 33. Qd4
Rc8 34. Rc2 Qa7 35. Nb3 Qa4 36. Nxc5 Qxc2 37. Nd7 Qxc4 38. Qxc4 Rxc4 39. e5 Ra7
40. Nb8 Rc5 41. Rxc5 dxc5 42. Nc6 Rd7 43. Kf3 c4 44. Ke4 c3 45. Nd4 Rc7 46. d6
exd6 47. Nb5 0-1

[Event "Parsvnath Commonwealth ch 2010"]
[Site "Nueva Delhi IND"]
[Date "2010.05.18"]
[Round "11.19"]
[White "Safarli, Eltaj"]
[Black "Prasanna, Rao"]
[Result "1-0"]
[WhiteElo "2610"]
[BlackElo "2309"]
[PlyCount "69"]
[EventDate "2010.05.10"]
[EventType "swiss"]
[EventRounds "11"]
[EventCountry "IND"]
[Source "lmi"]
[SourceDate "2010.05.10"]

1. e4 e5 2. Nf3 Nc6 3. Bb5 a6 4. Ba4 Nf6 5. O-O Be7 6. Re1 b5 7. Bb3 d6 8. c3
O-O 9. h3 Na5 10. Bc2 d5 11. d4 Nxe4 12. Nxe5 f6 13. Nf3 Nc4 14. Nbd2 f5 15.
Nxc4 bxc4 16. Bf4 g5 17. Bh2 Rb8 18. Ne5 Rb6 19. f3 Nd6 20. b3 Bf6 21. Qd2 f4
22. Re2 Bf5 23. Rae1 Bxc2 24. Qxc2 Bg7 25. bxc4 dxc4 26. Qa4 Qe8 27. Nd7 Qg6
28. Nxb6 cxb6 29. Re6 Rf6 30. Rxf6 Bxf6 31. Qc6 Nf5 32. Qxc4+ Kg7 33. Qxa6 Ne3
34. Qb7+ Kh6 35. Qe4 1-0

[Event "Parsvnath Commonwealth ch 2010"]
[Site "Nueva Delhi IND"]
[Date "2010.05.18"]
[Round "11.20"]
[White "Kravtsiv, Martyn"]
[Black "Lodhi, Mahmood"]
[Result "0-1"]
[WhiteElo "2546"]
[BlackElo "2377"]
[PlyCount "78"]
[EventDate "2010.05.10"]
[EventType "swiss"]
[EventRounds "11"]
[EventCountry "IND"]
[Source "lmi"]
[SourceDate "2010.05.10"]

1. e4 e5 2. Nf3 Nc6 3. Bb5 a6 4. Ba4 Nf6 5. O-O Be7 6. Re1 b5 7. Bb3 O-O 8. c3
d6 9. d4 Bb7 10. Nbd2 Re8 11. a3 Bf8 12. h3 g6 13. Ba2 exd4 14. cxd4 Bg7 15.
Ng5 d5 16. e5 Nxd4 17. Nf1 c5 18. exf6 Rxe1 19. Qxe1 Bxf6 20. Qd2 c4 21. Ng3
Qe7 22. Qd1 Re8 23. Kh2 Nc6 24. Nf3 h5 25. Kg1 h4 26. Nf1 d4 27. Bd2 d3 28. Bc3
Bxc3 29. bxc3 Qf6 30. Ne3 Qxc3 31. Rc1 Qxa3 32. Bxc4 bxc4 33. Nxc4 Qe7 34. Qxd3
Nb4 35. Qa3 Bxf3 36. Qxf3 Rc8 37. Qa3 Qc5 38. Rb1 Nd5 39. Ra1 Qxa3 0-1

[Event "Parsvnath Commonwealth ch 2010"]
[Site "Nueva Delhi IND"]
[Date "2010.05.18"]
[Round "11.21"]
[White "Khusnutdinov, Rustam"]
[Black "Shyam, Sundar M"]
[Result "1/2-1/2"]
[WhiteElo "2525"]
[BlackElo "2372"]
[PlyCount "58"]
[EventDate "2010.05.10"]
[EventType "swiss"]
[EventRounds "11"]
[EventCountry "IND"]
[Source "lmi"]
[SourceDate "2010.05.10"]

1. e4 e6 2. d4 d5 3. Nd2 Nf6 4. e5 Nfd7 5. Bd3 c5 6. c3 Nc6 7. Ne2 cxd4 8. cxd4
f6 9. exf6 Nxf6 10. Nf3 Bd6 11. O-O Qc7 12. Re1 O-O 13. g3 Qb6 14. Nf4 Re8 15.
Ng5 h6 16. Ngxe6 Bxf4 17. Nxf4 Bg4 18. Be2 Nxd4 19. Be3 Nxe2+ 20. Qxe2 Bxe2 21.
Bxb6 axb6 22. Nxe2 Re4 23. Kf1 Rc4 24. Nf4 g5 25. Nd3 Rd4 26. Red1 Rc8 27. Ne1
Rdc4 28. Rab1 Kf8 29. Nf3 Ne4 1/2-1/2

[Event "Parsvnath Commonwealth ch 2010"]
[Site "Nueva Delhi IND"]
[Date "2010.05.18"]
[Round "11.22"]
[White "Iuldachev, Saidali"]
[Black "Singh, Gurpreet Pal"]
[Result "1-0"]
[WhiteElo "2511"]
[BlackElo "2287"]
[PlyCount "51"]
[EventDate "2010.05.10"]
[EventType "swiss"]
[EventRounds "11"]
[EventCountry "IND"]
[Source "lmi"]
[SourceDate "2010.05.10"]

1. e4 e6 2. Qe2 c5 3. Nf3 Nc6 4. g3 Bd6 5. Na3 Nge7 6. Bg2 O-O 7. O-O a6 8. d3
Bb8 9. Be3 Ba7 10. c3 d5 11. Nc2 e5 12. Rad1 d4 13. Bc1 b5 14. c4 bxc4 15. dxc4
Qa5 16. Rd3 f6 17. Nh4 Be6 18. Ra3 Qb6 19. g4 Na5 20. Nf5 Ng6 21. g5 Bxc4 22.
Qh5 d3 23. Nce3 Nf4 24. Nxc4 Nxc4 25. Bxf4 Nxa3 26. Ne7+ 1-0

[Event "Parsvnath Commonwealth ch 2010"]
[Site "Nueva Delhi IND"]
[Date "2010.05.18"]
[Round "11.23"]
[White "Grover, Sahaj"]
[Black "Priyadharshan, K."]
[Result "1-0"]
[WhiteElo "2416"]
[BlackElo "2362"]
[PlyCount "89"]
[EventDate "2010.05.10"]
[EventType "swiss"]
[EventRounds "11"]
[EventCountry "IND"]
[Source "lmi"]
[SourceDate "2010.05.10"]

1. e4 e5 2. Nf3 Nc6 3. Nc3 Nf6 4. Bb5 Nd4 5. Nxe5 Qe7 6. f4 Nxb5 7. Nxb5 d6 8.
Nf3 Qxe4+ 9. Kf2 Ng4+ 10. Kg3 Kd8 11. h3 Nh6 12. d3 Qg6+ 13. Kh2 c6 14. Nc3 Be7
15. Re1 Re8 16. Ne4 Kc7 17. c4 Qh5 18. Ng3 Qg6 19. c5 Be6 20. Ne4 Bd5 21. Bd2
f5 22. cxd6+ Bxd6 23. Nc3 Bxf3 24. Qxf3 Rxe1 25. Rxe1 Re8 26. Rc1 Kb8 27. d4
Nf7 28. Kh1 Qe6 29. d5 cxd5 30. Nxd5 Qd7 31. Bc3 Nd8 32. Rd1 Re6 33. Ne3 g6 34.
Nc4 Nf7 35. Be5 Qc7 36. Nxd6 Nxd6 37. Qd5 Rxe5 38. fxe5 Nc8 39. e6 a6 40. Qd7
Qc5 41. Qxh7 Qc2 42. Qd7 Qe2 43. Rc1 Nb6 44. Qd8+ Ka7 45. e7 1-0

[Event "Parsvnath Commonwealth ch 2010"]
[Site "Nueva Delhi IND"]
[Date "2010.05.18"]
[Round "11.24"]
[White "Konguvel, Ponnuswamy"]
[Black "Das, Sayantan"]
[Result "1-0"]
[WhiteElo "2412"]
[BlackElo "2250"]
[PlyCount "97"]
[EventDate "2010.05.10"]
[EventType "swiss"]
[EventRounds "11"]
[EventCountry "IND"]
[Source "lmi"]
[SourceDate "2010.05.10"]

1. e4 e5 2. Nf3 Nc6 3. Bb5 a6 4. Bxc6 dxc6 5. O-O Bg4 6. h3 Bxf3 7. Qxf3 Qd7 8.
d3 f6 9. Nd2 O-O-O 10. Nc4 h5 11. Qe3 Kb8 12. b4 g5 13. a4 Qd4 14. Rb1 g4 15.
h4 Bh6 16. Qxd4 exd4 17. b5 Bxc1 18. bxc6 b6 19. Rbxc1 Ne7 20. g3 Nxc6 21. f3
Rdf8 22. fxg4 Rhg8 23. Rf4 Rxg4 24. Rxg4 hxg4 25. Rf1 Kc8 26. Rf4 Nb4 27. e5 f5
28. Rxd4 Nxc2 29. Nxb6+ cxb6 30. Rc4+ Kd7 31. Rxc2 Ke6 32. d4 Kd5 33. Re2 Re8
34. h5 Re6 35. Rd2 Rh6 36. Kf2 Rxh5 37. Ke3 Rh1 38. Kf4 Rf1+ 39. Kg5 b5 40.
axb5 axb5 41. Re2 b4 42. e6 b3 43. e7 b2 44. e8=Q b1=Q 45. Qe6+ Kxd4 46. Rd2+
Kc5 47. Rd5+ Kb4 48. Qb6+ Kc3 49. Qc6+ 1-0

[Event "Parsvnath Commonwealth ch 2010"]
[Site "Nueva Delhi IND"]
[Date "2010.05.18"]
[Round "11.25"]
[White "Debashis, Das"]
[Black "Abu Sufian, Shakil"]
[Result "1/2-1/2"]
[WhiteElo "2400"]
[BlackElo "2305"]
[PlyCount "44"]
[EventDate "2010.05.10"]
[EventType "swiss"]
[EventRounds "11"]
[EventCountry "IND"]
[Source "lmi"]
[SourceDate "2010.05.10"]

1. e4 d6 2. d4 Nf6 3. Nc3 g6 4. Be3 c6 5. Qd2 Nbd7 6. Nf3 Qc7 7. Bd3 Bg7 8. O-O
O-O 9. h3 e5 10. a4 b6 11. dxe5 dxe5 12. Bc4 a6 13. Rfd1 Bb7 14. Qe2 b5 15. Bb3
b4 16. Na2 Nxe4 17. Nxb4 a5 18. Na2 Ndc5 19. Nc3 Nxc3 20. bxc3 Nxb3 21. cxb3 e4
22. Ng5 Rfe8 1/2-1/2

[Event "Parsvnath Commonwealth ch 2010"]
[Site "Nueva Delhi IND"]
[Date "2010.05.18"]
[Round "11.27"]
[White "Sriram, Jha"]
[Black "Koshy, Varugeese"]
[Result "1/2-1/2"]
[WhiteElo "2507"]
[BlackElo "2310"]
[PlyCount "147"]
[EventDate "2010.05.10"]
[EventType "swiss"]
[EventRounds "11"]
[EventCountry "IND"]
[Source "lmi"]
[SourceDate "2010.05.10"]

1. d4 d6 2. c4 g6 3. Nc3 Bg7 4. e4 e5 5. Nf3 Bg4 6. d5 Nd7 7. Be2 Bxf3 8. Bxf3
h5 9. Be3 Bh6 10. Qd2 Bxe3 11. Qxe3 Ngf6 12. h3 Nh7 13. O-O Qg5 14. Qxg5 Nxg5
15. Be2 h4 16. b4 Ke7 17. Bd3 a6 18. Rfe1 Rhc8 19. a3 c5 20. Rec1 Rc7 21. Na4
Rb8 22. f3 b5 23. cxb5 axb5 24. Nc3 c4 25. Bc2 Ra7 26. Ra2 Nh7 27. Rca1 Nhf6
28. a4 bxa4 29. Rxa4 Rxa4 30. Rxa4 Rb7 31. Bd1 Nb6 32. Ra5 Ne8 33. Be2 Nc7 34.
b5 f5 35. Kf2 Kd8 36. Ke3 Ke7 37. Ra1 Kf6 38. Kf2 Kg5 39. Ke3 Kf6 40. Bf1 Kg5
41. Ra2 Kf6 42. Kf2 Kg5 43. g3 hxg3+ 44. Kxg3 f4+ 45. Kh2 Kh5 46. Kg2 Kg5 47.
Kf2 Kh4 48. Kg1 Ne8 49. Be2 Nf6 50. Kg2 g5 51. Kf2 Nfd7 52. Bf1 Nc5 53. Ra1 Nb3
54. Ra6 Nd4 55. Ra5 Kh5 56. Ra2 Kg6 57. Kg2 Kf6 58. Be2 Ke7 59. h4 gxh4 60. Kh3
Kd8 61. Kxh4 Kc8 62. Kg5 Rg7+ 63. Kf6 Rg3 64. Ke7 Kc7 65. Ra7+ Kb8 66. Ra6 Nc8+
67. Kd7 Kb7 68. Rc6 Nxe2 69. Rc7+ Kb6 70. Rc6+ Kb7 71. Rc7+ Kb6 72. Nxe2 Rg7+
73. Kd8 Rg8+ 74. Kd7 1/2-1/2

[Event "Parsvnath Commonwealth ch 2010"]
[Site "Nueva Delhi IND"]
[Date "2010.05.18"]
[Round "11.28"]
[White "Pogorelov, Ruslan"]
[Black "Hasan, Mehdi"]
[Result "1-0"]
[WhiteElo "2454"]
[BlackElo "2287"]
[PlyCount "69"]
[EventDate "2010.05.10"]
[EventType "swiss"]
[EventRounds "11"]
[EventCountry "IND"]
[Source "lmi"]
[SourceDate "2010.05.10"]

1. Nf3 d5 2. d4 Nf6 3. c4 dxc4 4. e3 e6 5. Bxc4 a6 6. O-O Nbd7 7. Qe2 b5 8. Bd3
c5 9. a4 b4 10. Nbd2 Bb7 11. a5 Be7 12. e4 cxd4 13. e5 Nd5 14. Nb3 O-O 15. Qe4
g6 16. Bh6 Re8 17. Rac1 Rc8 18. Qxd4 Rxc1 19. Rxc1 Qb8 20. h4 f5 21. exf6 Bxf6
22. Qg4 Bg7 23. Bxg7 Kxg7 24. Nc5 Nxc5 25. Rxc5 Nf4 26. Bf1 Qd6 27. Rc4 Rf8 28.
Ng5 Bd5 29. Rd4 h6 30. Nh3 Nxh3+ 31. Qxh3 Qc5 32. Qe3 Qd6 33. Rg4 h5 34. Rg3
Bb7 35. Bd3 1-0

[Event "Parsvnath Commonwealth ch 2010"]
[Site "Nueva Delhi IND"]
[Date "2010.05.18"]
[Round "11.29"]
[White "Rathnakaran, K."]
[Black "Phadke Sohan"]
[Result "1/2-1/2"]
[WhiteElo "2397"]
[BlackElo "2208"]
[PlyCount "60"]
[EventDate "2010.05.10"]
[EventType "swiss"]
[EventRounds "11"]
[EventCountry "IND"]
[Source "lmi"]
[SourceDate "2010.05.10"]

1. e4 c5 2. Nf3 Nc6 3. d4 cxd4 4. Nxd4 Nf6 5. Nc3 e5 6. Ndb5 d6 7. Nd5 Nxd5 8.
exd5 Nb8 9. c4 Be7 10. Be2 a6 11. Nc3 O-O 12. O-O f5 13. f4 Nd7 14. Be3 exf4
15. Bxf4 Ne5 16. c5 Ng6 17. Bxd6 Bxd6 18. cxd6 Qxd6 19. Qd4 Bd7 20. Rae1 Rae8
21. a4 Qe5 22. Qb4 Qe3+ 23. Kh1 f4 24. d6 Kh8 25. Nd5 Qe4 26. Qxe4 Rxe4 27. Nb6
Bc6 28. Bf3 Rxe1 29. Rxe1 Bxf3 30. gxf3 Kg8 1/2-1/2

[Event "Parsvnath Commonwealth ch 2010"]
[Site "Nueva Delhi IND"]
[Date "2010.05.18"]
[Round "11.30"]
[White "Ankit, R. Rajpara"]
[Black "Pratyusha, Bodda"]
[Result "1-0"]
[WhiteElo "2350"]
[BlackElo "1977"]
[PlyCount "70"]
[EventDate "2010.05.10"]
[EventType "swiss"]
[EventRounds "11"]
[EventCountry "IND"]
[Source "lmi"]
[SourceDate "2010.05.10"]

1. e4 e5 2. Nf3 Nc6 3. Bb5 f5 4. d3 fxe4 5. dxe4 Nf6 6. O-O Bc5 7. Bxc6 bxc6 8.
Nxe5 O-O 9. Bg5 Qe8 10. Bxf6 Rxf6 11. Nd3 Bd4 12. Nd2 Rb8 13. e5 Bxe5 14. Re1
Re6 15. Nxe5 Rxe5 16. b3 d6 17. Nc4 Rxe1+ 18. Qxe1 Qg6 19. Ne3 Rb5 20. Qc3 Qf6
21. Qxf6 gxf6 22. Rd1 Be6 23. Rd4 c5 24. Ra4 Rb7 25. f3 d5 26. Ra6 Kf7 27. Rc6
d4 28. Ng4 c4 29. Nf2 Bd5 30. Rc5 c6 31. Ne4 Ke6 32. Ra5 Rb5 33. Ra4 Bxe4 34.
fxe4 cxb3 35. axb3 Ke5 1-0